书目信息 |
| 题名: |
临床误诊100例
|
|
| 作者: | ;湖南医学院第一附属医院传染病学教研组 编 | |
| 分册: | ||
| 出版信息: | 长沙 湖南科学技术出版社 1982 |
|
| 页数: | 182页 | |
| 开本: | 19cm | |
| 丛书名: | ||
| 单 册: | ||
| 中图分类: | R447 , R510.4 | |
| 科图分类: | ||
| 主题词: | 临床医学-误诊 , 误诊-临床医学 , 传染病 | |
| 电子资源: | ||
| ISBN: | ||
| 000 | 00833nam0 2200277 45 | |
| 001 | 0182010370 | |
| 005 | 20040524144354.0 | |
| 010 | @dCNY0.64 | |
| 091 | @a14204.51 | |
| 100 | @a19950510d1982 em y0chiy0121 ea | |
| 101 | 0 | @achi |
| 102 | @aCN@b430000 | |
| 105 | @ay z 000yy | |
| 106 | @ar | |
| 200 | 10 | @a临床误诊100例@Alin chuang wu zhen100 li@f湖南医学院第一附属医院传染病学教研组编 |
| 210 | @a长沙@c湖南科学技术出版社@d1982 | |
| 215 | @a182页@d19cm | |
| 606 | @a临床医学-误诊 | |
| 606 | @a误诊-临床医学 | |
| 606 | 0 | @a传染病 |
| 690 | @aR447@v3 | |
| 690 | @aR510.4 | |
| 711 | 02 | @a湖南医学院第一附属医院传染病学教研组@Ahu nan yi xue yuan di yi fu shu yi yuan chuan ran bing xue jiao yan zu@4编 |
| 801 | 0 | @aCN@b上海图书馆@c20040524 |
| 801 | 2 | @aCN@bNLC@c20040524 |
| 905 | @f3@b255108-110@f1@b255111@dR510.4@e47 | |
| 临床误诊100例/湖南医学院第一附属医院传染病学教研组编.-长沙:湖南科学技术出版社,1982 |
| 182页;19cm |
| ISBN :CNY0.64 |
| ● |
| 相关链接 |
|
|
|
|
正题名:临床误诊100例
索取号:R510.4/47
 
预约/预借
| 序号 | 登录号 | 条形码 | 馆藏地/架位号 | 状态 | 备注 |
| 1 | 0255107 | 000713080 | 第二样本阅览室/ [索取号:R510.4/47] | 在馆 | |
| 2 | 0255108 | 000713071 | 密集书库/ [索取号:R510.4/47] | 在馆 | |
| 3 | 0255109 | 000713017 | 第三借阅区/ [索取号:R510.4/47] | 在馆 | |
| 4 | 0255110 | 000713062 | 密集书库/ [索取号:R510.4/47] | 在馆 | |
| 5 | 0255111 | 000713026 | 密集书库/ [索取号:R510.4/47] | 在馆 |